Mejoramiento de equipo de ventilación industrial en su funcionamiento : (Record no. 22317)

MARC details
000 -CABECERA
campo de control de longitud fija 00830nam a22002297a 4500
003 - IDENTIFICADOR DEL NÚMERO DE CONTROL
campo de control OSt
005 - FECHA Y HORA DE LA ÚLTIMA TRANSACCIÓN
campo de control 20260601193903.0
008 - DATOS DE LONGITUD FIJA--INFORMACIÓN GENERAL
campo de control de longitud fija 260508b2003 mx ||||| |||| 00| 0 spa d
040 ## - FUENTE DE LA CATALOGACIÓN
Centro catalogador/agencia de origen ICI
Lengua de catalogación spa
Centro/agencia transcriptor ICI
Normas de descripción rda
041 ## - CÓDIGO DE LENGUA
Código de lengua del texto/banda sonora o título independiente spa
050 ## - SIGNATURA TOPOGRÁFICA DE LA BIBLIOTECA DEL CONGRESO
Número de clasificación TJ1631
Número de documento/Ítem A635
100 ## - ENTRADA PRINCIPAL--NOMBRE DE PERSONA
Nombre de persona Arena Reyes Retana, Pedro,
Término indicativo de función/relación autor
9 (RLIN) 34183
245 #1 - MENCIÓN DE TÍTULO
Título Mejoramiento de equipo de ventilación industrial en su funcionamiento :
Resto del título fabricación y embarque /
Mención de responsabilidad, etc. Pedro Arena Reyes Retana
264 ## - PRODUCCIÓN, PUBLICACIÓN, DISTRIBUCIÓN, FABRICACIÓN Y COPYRIGHT
Producción, publicación, distribución, fabricación y copyright México :
Nombre del de productor, editor, distribuidor, fabricante [El autor],
Fecha de producción, publicación, distribución, fabricación o copyright 2003
300 ## - DESCRIPCIÓN FÍSICA
Extensión 63 hojas ;
Otras características físicas ilustraciones
502 ## - NOTA DE TESIS
Nota de tesis Tesina
Tipo de título (Licenciado en diseño industrial). --
Nombre de la institución que otorga el título Universidad Iberoamericana,
Año de obtención del título 2003
650 ## - PUNTO DE ACCESO ADICIONAL DE MATERIA--TÉRMINO DE MATERIA
Término de materia o nombre geográfico como elemento de entrada Fábricas
Subdivisión general Calefacción y ventilación
9 (RLIN) 34184
650 ## - PUNTO DE ACCESO ADICIONAL DE MATERIA--TÉRMINO DE MATERIA
Término de materia o nombre geográfico como elemento de entrada Aire
Subdivisión general Contaminación
9 (RLIN) 34185
650 ## - PUNTO DE ACCESO ADICIONAL DE MATERIA--TÉRMINO DE MATERIA
Término de materia o nombre geográfico como elemento de entrada Higiene industrial
9 (RLIN) 34186
650 ## - PUNTO DE ACCESO ADICIONAL DE MATERIA--TÉRMINO DE MATERIA
Término de materia o nombre geográfico como elemento de entrada Diseño industrial
942 ## - ELEMENTOS DE PUNTO DE ACCESO ADICIONAL (KOHA)
Fuente del sistema de clasificación o colocación Library of Congress Classification
Tipo de ítem Koha Libros
Suprimir en OPAC 1
Holdings
Estado de retiro Estado de pérdida Fuente del sistema de clasificación o colocación Estado dañado No para préstamo Localización permanente Ubicación/localización actual Fecha de adquisición Total de préstamos Signatura topográfica completa Código de barras Fecha visto por última vez Número de copia Precio válido a partir de Tipo de ítem Koha
El ejemplar forma parte de la colección y puede ser consultado según las políticas vigentes.   Library of Congress Classification     Biblioteca de Diseño Museo Franz Mayer Biblioteca de Diseño Museo Franz Mayer 08/05/2026   TJ1631 A635 BDIMFM000980 08/05/2026 ej.1 08/05/2026 Libros